000 02032nam a2200265Ia 4500
999 _c47815
_d47815
001 14689
003 GE_BSU
005 20241119175720.0
008 181216s2015||||ge |||||||||||||| ||geo||
020 _a9789941219184
040 _cGE_BSU
080 _a27-36 მ-89
245 _aმოწყალენი : წმინდა მარტინე ტურელი, ნეტარი ბონიფანტე, ნეტარი იოანე, წმინდა ფილარეტი, წმინდა პავლინე,ღირსი ზოტიკე ხუცი, ღირსი თეოფანე მოწყალე, მართალი იობი, ნეტარი სამსონი /
_bშემდგ. : კახაბერ კენკიშვილი ; გარეკანის დიზაინი : ეთერ გზირიშვილი.
264 _aთბილისი :
_bპალიტრა L,
_c2015.
300 _a197გვ. ;
_c20 სმ.
490 _aსაქართველოს იმედი II : ყველა წმინდანი, რომელთა შესახებაც უნდა იცოდე, 2298-0547
_vპროექტის რედ. : თამარ მამაცაშვილი ; წ. 16
500 _aიბეჭდება სრ. საქ. კათოლიკოს–პატრიარქის ილია II–ის ლოცვა–კურთხევით
541 _h2ლ.
653 _a წმინდა მამების ცხოვრება
653 _aრელიგია
700 _aკენკიშვილი, კახაბერ
_eშემდგენელი
_923752
700 _aმამაცაშვილი, თამარ
_eპროექტის რედაქტორი
_923753
700 _aგზირიშვილი, ეთერ
_eგარეკანის დიზაინერი
_923754
942 _cBK
_2udc